| 000 | 01003nam0a2200325 4500 | ||
|---|---|---|---|
| 001 | RU\NLR\bibl\562777 | ||
| 005 | 20260406152403.0 | ||
| 010 |
_a5-17-022133-9 _910000 |
||
| 021 |
_aRU _b2004-17565 _9901 |
||
| 035 | _aRSL-KNO-002416099 | ||
| 035 | _a(NLR Aleph) 000554884 | ||
| 090 |
_a1495625 _c1495625 |
||
| 100 | _a20040330d2004 |||y0rusy50 ca | ||
| 101 | 1 |
_arus _ceng |
|
| 102 | _aRU | ||
| 105 | _ay ||||||||| | ||
| 106 | _ar | ||
| 200 | 1 |
_aНемного волшебства _eРоман _fМэри Бэлоу _g[Пер. с англ. Т.В. Трефиловой] |
|
| 210 |
_aМ. _cАСТ _d2004 |
||
| 215 |
_a237, [1] с. _d16 |
||
| 225 | 1 | _aОчарование | |
| 686 | _aШ6(7K)167-440.4[Лх1960-18} | ||
| 700 | 1 |
_4070 _8rus _7ca _aБэлоу _bМ. _f1944- _gМэри _3RU\NLR\AUTH\775928 _9115885 |
|
| 801 | 0 |
_aRU _bRuMoRKP _c20040330 _gPSBO |
|
| 801 | 1 |
_aRU _bRuMoRKP _c20040330 |
|
| 801 | 2 |
_aRU _bNLR _c20041014 _gPSBO |
|
| 942 | _cBOOK | ||
| 980 | _aNB | ||